| 000 | 00553nam a2200157 i 4500 | ||
|---|---|---|---|
| 001 | 82842 | ||
| 003 | ES-MaACL | ||
| 005 | 20230906174735.0 | ||
| 007 | t| | ||
| 008 | 041112s1965 sp ||||1| spa d | ||
| 110 | 2 |
_aInstituto de Estudios Sindicales, Sociales y Cooperativos (Madrid) _94929 |
|
| 245 | 1 | 0 |
_aInstituto de Estudios Sindicales, Sociales y Cooperativos _b: qué es, cómo funciona. |
| 260 |
_aMadrid : _bInstituto de Estudios Sindicales, Sociales y Cooperativos, _c1965. |
||
| 300 |
_a79 p. ; _c23 cm. |
||
| 852 |
_aES-MaACL _jC-29734 _bR.58215 |
||
| 999 |
_c82842 _d82842 |
||